00389nam a22000857a 4500020001800000082001600018245022200034260003600256300001100292 a9781138028678 a333.79bADV aAdvances in energy science and equipment engineering : bproceedings of the International Conference on Energy Equipment Science and Engineering, ICEESE 2015, May 30-31, 2015 /cEdited by Shiquan Zhou ; Aragona Patty aBoca Raton :bCRC Press,c2015. aVolume